| 000 -LEADER |
| fixed length control field |
00707nam a2200265Ia 4500 |
| 001 - CONTROL NUMBER |
| control field |
21369 |
| 003 - CONTROL NUMBER IDENTIFIER |
| control field |
GE_BSU |
| 005 - DATE AND TIME OF LATEST TRANSACTION |
| control field |
20211102162953.0 |
| 008 - FIXED-LENGTH DATA ELEMENTS--GENERAL INFORMATION |
| fixed length control field |
181216s||||||||xx |||||||||||||| ||und|| |
| 020 ## - INTERNATIONAL STANDARD BOOK NUMBER |
| International Standard Book Number |
9782262027995 |
| 040 ## - CATALOGING SOURCE |
| Transcribing agency |
GE_BSU |
| 080 ## - UNIVERSAL DECIMAL CLASSIFICATION NUMBER |
| Universal Decimal Classification number |
94(44) W-65 |
| 100 ## - MAIN ENTRY--PERSONAL NAME |
| Personal name |
Wieviorka, Olivier |
| 9 (RLIN) |
12791 |
| 245 ## - TITLE STATEMENT |
| Title |
Historie de La Resistance. 1940-1945 |
| 260 ## - PUBLICATION, DISTRIBUTION, ETC. |
| Place of publication, distribution, etc. |
Paris |
| 260 ## - PUBLICATION, DISTRIBUTION, ETC. |
| Name of publisher, distributor, etc. |
Perrin |
| 260 ## - PUBLICATION, DISTRIBUTION, ETC. |
| Date of publication, distribution, etc. |
2013 |
| 300 ## - PHYSICAL DESCRIPTION |
| Extent |
576 p. 24 cm. |
| 300 ## - PHYSICAL DESCRIPTION |
| Accompanying material |
Bibl.:p. 547-554., Index.: p. 555-568 |
| 653 ## - INDEX TERM--UNCONTROLLED |
| keyword |
Historie de La Resistance. 1940-1945 |
| 653 ## - INDEX TERM--UNCONTROLLED |
| keyword |
всеобщая история |
| 653 ## - INDEX TERM--UNCONTROLLED |
| keyword |
ზოგადი ისტორია |
| 942 ## - ADDED ENTRY ELEMENTS (KOHA) |
| Koha item type |
წიგნი |
| Source of classification or shelving scheme |
|